Представление документа в формате MARC21

Поле Инд. ПП Название Значение
Тип записи a
Библиографический уровень b
001 Контрольный номер RU/IS/BASE/107618350
005 Дата корректировки 20210115143510.8
084 a Индекс другой классификации/Индекс ББК 88.414-38-51; 88.621.44
100 1_ a Автор Ларина Э. В.
245 10 a Заглавие Характеристики развития теоретического мышления у младших школьников при обучении в разных условиях
504 a Библиография Лит. в конце статьи
650 04 a Основная рубрика детская психология
a Основная рубрика возрастная психология
a Основная рубрика познавательные процессы
a Основная рубрика психология поведения
a Основная рубрика педагогическая психология
a Основная рубрика психология
653 0_ a Ключевые слова гимназии
a Ключевые слова младшие школьники
a Ключевые слова обучение
a Ключевые слова общеобразовательная школа
a Ключевые слова психология обучения
a Ключевые слова содержательная рефлексия
a Ключевые слова содержательное планирование
a Ключевые слова содержательный анализ
a Ключевые слова теоретическое мышление
a Ключевые слова условия обучения
773 18 t Заглавие источника Журнал прикладной психологии
d Дата издания источника 2002
g Прочая информация № 4 - 5. - С. 47 - 54 : табл.
w Контрольный № источника RU/IS/BASE/106665522
901 t Тип документа b